| 000 | 01171nam a22003850a 4500 | ||
|---|---|---|---|
| 001 | PT45154 | ||
| 003 | AR-LpoUNG | ||
| 005 | 20210516203342.0 | ||
| 008 | 191001s2011||||ag |||||||||||||||||spa d | ||
| 020 |
_a9789871326594 _c$67 |
||
| 040 |
_aAR-LpoUNG _bspa _cAR-LpoUNG _eaacr |
||
| 041 | _aspa | ||
| 044 | _aag | ||
| 082 | 0 | _a982.065 14pri | |
| 111 | 2 | _aCongreso Latinoamericano "Malvinas, una Causa de la Patria Grande", 1, Buenos Aires, 28-30 septiembre 2010 | |
| 245 | 1 | 0 | _aPrimer congreso latinoamericano "Malvinas, una causa de la patria grande" |
| 250 | _a1° ed. | ||
| 260 |
_aBuenos Aires : _bUNLa, _c2011. |
||
| 300 |
_a236 p. : _bfot. |
||
| 490 | 0 | _aObservatorio Malvinas | |
| 650 | 4 | _aAMERICA LATINA | |
| 650 | 4 | _aANALISIS HISTORICO | |
| 650 | 4 | _aARGENTINA | |
| 650 | 4 | _aCONFERENCIAS | |
| 650 | 4 | _aGUERRA | |
| 650 | 4 | _aISLAS MALVINAS | |
| 650 | 4 | _aRELACIONES INTERNACIONALES | |
| 650 | 4 | _aSOBERANIA | |
| 651 | 4 | _aDOCUMENTOS TEORICOS O METODOLOGICOS | |
| 653 | _aUNASUR | ||
| 710 | 2 | _aObservatorio Malvinas (Buenos Aires) | |
| 710 | 2 | _aUniversidad Nacional de Lanús. Observatorio Malvinas | |
| 905 | _a45154 | ||
| 942 | _cLSALA | ||
| 999 |
_c57795 _d57795 |
||